| 000 | 00659nam a2200229 a 4500 | ||
|---|---|---|---|
| 001 | BRCA_3947 | ||
| 005 | 20190320204503.0 | ||
| 008 | 130110s1917----gw-a######---#000-0#ger-# | ||
| 041 | _ager | ||
| 044 | _agw | ||
| 050 | 4 |
_aND673.R8 _b.V47 1917 |
|
| 100 | 1 |
_aVerhaeren, Émile Adolphe Gustave _d1855-1916 _910269 |
|
| 245 | 1 | 0 |
_aRubens _cEmile Verhaeren ; ubertragung von Stefan Zweig. |
| 260 |
_aLeipzig _bInsel-Verlag _c1917 |
||
| 300 |
_a84 p. _bil., 95 láminas _c22 cm. |
||
| 500 | _aCDE2 | ||
| 600 | 1 | 4 |
_aRubens, Peter Paul _910270 |
| 650 | 1 | 4 |
_aPintores flamencos _97571 |
| 700 | 1 |
_aZweig, Stefan _d1881-1942 _910271 |
|
| 902 | _aGFM | ||
| 942 |
_2lcc _cB |
||
| 999 |
_c3674 _d3674 |
||